000 00860nam a2200193Ii 4500
003 JO-AjNU
008 230605s9999||||xx |||||||||||||| ||und||
040 _aJO-AjNU
_bara
_erda
_cJO-AjNU
041 _aara
050 1 4 _aRA990.J65 2018
100 3 _aالمركز الوطني للسكري والغدد الصم والوراثة,
_eauthor
_957889
245 0 0 _a المركز الوطني للسكري والغدد الصم والوراثة ومعهده: الكتاب السنوي 2017-2018
264 3 1 _aعمان: المركز الوطني للسكري والغدد الصم والوراثة، 2018
300 _a184ص
_bيشتمل على صور فوتوغرافية
336 _atext
_btxt
_2rdacontent
337 _aunmediated
_bn
_2rdamedia
338 _avolume
_bnc
_2rdacarrier
650 4 _aالسكري- الغدد الصماؤ - الوراثة
_957890
999 _aA25968
_c29536
_d29536